El Etiquetado de carnes y huevos :
Descripción Física:
1 fulletó desplegable : il·lustracions ; 14 x 20 cm, desplegat 56 x 20 cm
Idioma:
Español
MARC
| LEADER | 00000nam a2200000 a 4500 | ||
|---|---|---|---|
| 001 | 26131 | ||
| 003 | Arxiu | ||
| 008 | 220701b spa||||| |||| 00| 0 spa d | ||
| 017 | |a DL B 6541-2019 | ||
| 080 | |a FU-71-56 | ||
| 245 | 0 | 3 | |a El Etiquetado de carnes y huevos : |c garantía de seguridad |
| 246 | 3 | 3 | |a Garantía de seguridad |
| 260 | |a Barcelona : |b Diputació de Barcelona. Servei de Suport a les Polítiques de Consum, |c 2019 | ||
| 300 | |a 1 fulletó desplegable : |b il·lustracions ; |c 14 x 20 cm, desplegat 56 x 20 cm | ||
| 650 | 0 | |9 53694 |a Carn |x Etiquetatge | |
| 650 | 0 | |9 53695 |a Ous |x Etiquetatge | |
| 650 | 0 | |9 53693 |a Seguretat alimentària |z Barcelona (Província) | |
| 710 | 1 | |a Barcelona (Catalunya : Província). |b Servei de Suport a les Polítiques de Consum |9 52739 | |
| 942 | |2 udc |n 1 |c ARXIU | ||
| 952 | |0 0 |1 0 |4 0 |6 FU7156 |7 1 |9 62619 |a Arxiu |b Arxiu |d 2022-07-01 |l 0 |o FU-71-56 |p 26131 |r 2022-07-01 00:00:00 |w 2022-07-01 |y ARXIU | ||
| 999 | |c 82174 |d 82174 | ||